La cuarta serie de los "Episodios Nacionales" de Benito Pérez Galdós (Record no. 169060)

MARC details
000 -LEADER
campo de control de longitud fija 00749nam a2200205 i 4500
001 - NÚMERO DE CONTROL
campo de control 169060
003 - IDENTIFICADOR DE NÚMERO DE CONTROL
campo de control ES-MaACL
005 - FECHA Y HORA DE LA ÚLTIMA TRANSACCIÓN
campo de control 20230906213959.0
008 - DATOS DE LONGITUD FIJA--INFORMACIÓN GENERAL
campo de control de longitud fija 080805s2001 sp |||| | spa d
020 ## - NÚMERO INTERNACIONAL ESTÁNDAR DEL LIBRO
Número Internacional Estándar del Libro 84-8489-026-0
080 ## - NÚMERO DE LA CLASIFICACIÓN DECIMAL UNIVERSAL
Número de la Clasificación Decimal Universal 821.134.2 Pérez Galdós, Benito 7 Episodios Nacionales.07
100 1# - ENTRADA PRINCIPAL--NOMBRE DE PERSONA
Nombre de persona Behiels, Lieve.
9 (RLIN) 138148
245 13 - MENCIÓN DEL TÍTULO
Título La cuarta serie de los "Episodios Nacionales" de Benito Pérez Galdós
Resto del título : una aproximación temática y narratológica /
Mención de responsabilidad, etc. Lieve Behiels.
260 ## - PUBLICACIÓN, DISTRIBUCIÓN, ETC.
Lugar de publicación, distribución, etc. Madrid :
Nombre del editor, distribuidor, etc. Iberoamericana,
Fecha de publicación, distribución, etc. 2001.
300 ## - DESCRIPCIÓN FÍSICA
Extensión 320 p. ;
Dimensiones 23 cm.
504 ## - NOTA DE BIBLIOGRAFÍA, ETC.
Nota de bibliografía, etc. Bibliografía.
600 17 - PUNTO DE ACCESO ADICIONAL DE MATERIA--NOMBRE DE PERSONA
Nombre de persona Pérez Galdós, Benito,
Fechas asociadas al nombre 1843-1920.
Título de la obra Episodios nacionales
Fuente del encabezamiento o término
9 (RLIN) 138149
852 ## - LOCALIZACIÓN
Ubicación ES-MaACL
Número de control de estantería L-29525
Holdings
Estatus retirado Estado de pérdida Estado de daño No para préstamo Biblioteca de origen Biblioteca actual Ubicación en estantería Fecha de adquisición Fuente de adquisición Total de préstamos Signatura topográfica completa Código de barras Visto por última vez Precio de reemplazo Tipo de ítem Koha
        Biblioteca del Ateneo de Madrid Biblioteca del Ateneo de Madrid Depósito 2 05/08/2008     L-29525 1177457 23/02/2023 23/02/2023 Libro impreso